History Quiz

Random History or World Quiz

World War II Missing Word Quiz Stats

 Plays Quiz Updated May 8, 2018

Score 0/100 Timer 15:00
1 Play Today
% Correct
Pearl
81%
Churchill
80.8%
Roosevelt
80.7%
Eisenhower
79.4%
Stalin
78.3%
Führer
78.1%
Kamikaze
77.8%
Axis
77.1%
Jima
76.1%
Gaulle
76.1%
Chamberlain
75.3%
Auschwitz
74.8%
Nuremberg
73.9%
Desert
73%
Infamy
72.1%
Poland
71.6%
Hiroshima
71.5%
Hirohito
71.6%
Paris
68.7%
Himmler
68.7%
Line
68.2%
Goebbels
67.9%
Blood
67.7%
Sweat
67%
Lightning
65.2%
Blitz
64.7%
Duce
64.2%
Warsaw
64.1%
MacArthur
63.9%
France
63.7%
Overlord
63.5%
Norway
63.3%
Yalta
63.2%
Bulge
62.9%
% Correct
Barbarossa
62.5%
Midway
61.7%
USA
61.4%
Nagasaki
61.1%
Göring
60.1%
Lease
60%
Hess
59.9%
Cassino
59.9%
Dunkirk
58.8%
Belsen
57.9%
Eichmann
57.5%
Bradley
57%
Italy
56.7%
El Alamein
56%
Korps
55.6%
Winter
55.3%
Garden
55.2%
Stalingrad
54.6%
Sword
53.8%
Rats
53.3%
Dresden
52.9%
Bataan
52.7%
Coral
51.9%
Lair
51.6%
Montgomery
49.1%
Busters
48.6%
Tōjō
47.9%
Railway
46.8%
Yamamoto
46.8%
Stauffenberg
46.5%
Sea Lion
45.6%
Berlin
44.2%
Ribbentrop
43.7%
Singapore
43.3%
% Correct
Speer
42.8%
Tokyo
42.7%
Zhukov
42.2%
Crete
42.2%
Kursk
41.5%
Yamashita
41.3%
Hood
41.2%
Heydrich
40.8%
Leningrad
39.3%
Britain
39.3%
Manstein
38.1%
Tobruk
37.9%
Bastogne
37.1%
Dowding
37.1%
Leyte
37.1%
Mers-el-Kébir
36.9%
Yugoslavia
35.6%
Conference
35.5%
Charter
35.2%
Torch
34.6%
Convoys
33.5%
Molotov
32.4%
Rokossovsky
29.6%
Vasilevsky
28.8%
Joyce
28.8%
Moulin
27.9%
Moscow
27%
Hamburg
25.2%
Pocket
24.4%
Husky
23.6%
Bagration
21.3%
Malta
13.4%

You're not logged in!

Compare scores with friends on all Sporcle quizzes.
OR
Log In

Show Comments

Extras

Top Quizzes Today


Score Distribution

Your Account Isn't Verified!

In order to create a playlist on Sporcle, you need to verify the email address you used during registration. Go to your Sporcle Settings to finish the process.

Report this User

Report this user for behavior that violates our Community Guidelines.

Details: